00718nam a2200205 a 450000500170000000800410001702000190005805000250007710000250010224500980012725000120022526000340023730000340027152100070030565000230031270000220033594200170035799900170037495201210039120140310183330.0060825s19uu xx 00 eng d a0-07-1111705-9 aHE 8464 b.G878 2006 aGross, Lynne Schafer aTelecommunications:bradio, television, and movies in the digital age./cLynne Schafer Gross. a9th ed. aBoston :bMcGraw-Hill,c2006. a458 p. :bill. col. ;c18 cm. aMC aTelecommunication. aFink, Edward John cBK2lcckFOR c21533d21533 00102lcc40aCLbCLcGCd2006-08-25eDONATIONl0oHE 8464 .G878 2006pC7475r2018-05-15 00:00:00t1w2014-03-10yBK